| 000 | 00681cam a2200205 a 4500 | ||
|---|---|---|---|
| 020 | _a0072483059 | ||
| 082 | 0 | 0 |
_a624.18341 _bNIL _cN-01 P-108 |
| 100 | 1 |
_aNilson, Arthur H. _920244 |
|
| 245 | 1 | 0 |
_aDesign of concrete structures / _cArthur H. Nilson, David Darwin, Charles W. Dolan. |
| 250 | _a13th ed. | ||
| 260 |
_aBoston : _bMcGraw-Hill Higher Education, _cc2004. |
||
| 300 |
_axvii, 779 p. : _bill. ; _c26 cm. |
||
| 500 | _aIncludes index. | ||
| 526 |
_a0 _b1 _c0 _d624_183410000000000_NIL |
||
| 650 | 0 |
_aNUST _96342 |
|
| 650 | 0 |
_aPrestressed concrete construction. _920245 |
|
| 650 | 0 | _aReinforced concrete construction. | |
| 700 | 1 |
_aDarwin, David. _920246 |
|
| 942 |
_2ddc _cBK |
||
| 999 |
_c547507 _d547507 |
||